00206pab a2200085 454500008003600000100001300036245004600049650001100095773001400106180718b xxu||||| |||| 00| 0 eng d aRoy, A.K aRussia today - forward march to communism aRussia aStatesman